La garantía en el estado constitucional de derecho
Saved in:
| Hovedforfatter: | |
|---|---|
| Format: | Bog |
| Sprog: | spansk |
| Udgivet: |
Madrid
Trotta
1997
|
| Serier: | Estructuras y Procesos
|
| Fag: | |
| Tags: |
Tilføj Tag
Ingen Tags, Vær først til at tagge denne postø!
|
MARC
| LEADER | 00000nam a2200000 a 4500 | ||
|---|---|---|---|
| 001 | UCR6858 | ||
| 003 | CL-VaPUC | ||
| 008 | 980424e19970000SP |||||||||||||||||spa|d | ||
| 020 | |a 8481641804 | ||
| 082 | 0 | 4 | |a 342.085 |b PEÑ |2 21 |
| 100 | 0 | |a Peña Freire, Antonio Manuel |e author |9 408043 | |
| 245 | 1 | 3 | |a La garantía en el estado constitucional de derecho |
| 300 | |a 303 p | ||
| 942 | |c BK | ||
| 945 | |d 19980424 00:00:00 |a rbrito | ||
| 260 | |a Madrid |b Trotta |c 1997 | ||
| 650 | 0 | |a Garantías |9 385837 | |
| 650 | 0 | |a Derecho civil |9 255013 | |
| 650 | 0 | |a Derecho constitucional |9 222588 | |
| 650 | 0 | |a Estado |9 255503 | |
| 583 | |a last modification |c 19980424 00:00:00 |k Rodrigo Vera | ||
| 490 | 0 | |a Estructuras y Procesos | |
| 999 | |c 268763 |d 268761 | ||
| 952 | |0 0 |1 0 |4 0 |6 342_085000000000000_PEÑ_1997 |7 0 |8 A |9 302073 |a BIBDER |b BIBDER |d 2019-11-20 |i 3420302 |o 342.085 PEÑ 1997 |p 3420302 |r 2019-11-20 |w 2019-11-20 |y BK |k DER | ||
| 952 | |0 0 |1 0 |4 0 |6 342_085000000000000_PEÑ_1997 |7 0 |8 A |9 302075 |a BIBDER |b BIBDER |d 2019-11-20 |i 4292979 |o 342.085 PEÑ 1997 |p 4292979 |r 2023-01-25 |w 2019-11-20 |y BK |k DER | ||